Prezentačné zručnosti a ich význam v kvalite riadenia

Kvalitná a efektívna komunikácia je dôležitým aspektom spoločnosti. Edukácia a ciele prezentačných zručností. Inovácie v rámci sociálnej komunikácie predstavujú moderné podnety zavádzané priamo do vyučovacieho procesu.

Guardado en:
Detalles Bibliográficos
Autor principal: Soroková, Tatiana
Formato: Capítulo de libro
Lenguaje:eslovaco
Materias:
Etiquetas: Agregar Etiqueta
Sin Etiquetas, Sea el primero en etiquetar este registro!

MARC

LEADER 00000naa a2200000 4500
001 0182431
005 20231127103058.8
041 0 |a slo 
044 |a SK 
245 1 0 |a Prezentačné zručnosti a ich význam v kvalite riadenia  |c Tatiana Soroková 
520 |a Kvalitná a efektívna komunikácia je dôležitým aspektom spoločnosti. Edukácia a ciele prezentačných zručností. Inovácie v rámci sociálnej komunikácie predstavujú moderné podnety zavádzané priamo do vyučovacieho procesu. 
610 2 0 |a komunikácia interpersonálna 
610 2 0 |a komunikácia verbálna 
610 2 0 |a komunikácia neverbálna 
610 2 0 |a zručnosti 
610 2 0 |a vyučovanie 
610 2 0 |a prejavy 
100 1 |a Soroková, Tatiana